Observaciones de la Junta de Comercio de Bayona a la Comisión de Comercio y de las Colonias sobre las causas de la decadencia y ruina de su comercio, industria y navegación : (Record no. 181976)

MARC details
000 -LEADER
campo de control de longitud fija 00946nam a2200205 i 4500
001 - NÚMERO DE CONTROL
campo de control 181976
003 - IDENTIFICADOR DE NÚMERO DE CONTROL
campo de control ES-MaACL
005 - FECHA Y HORA DE LA ÚLTIMA TRANSACCIÓN
campo de control 20250901230506.0
008 - DATOS DE LONGITUD FIJA--INFORMACIÓN GENERAL
campo de control de longitud fija 130520s1831 sp |||| | spa d
110 2# - ENTRADA PRINCIPAL--NOMBRE DE ENTIDAD CORPORATIVA
Nombre de entidad corporativa o nombre de jurisdicción como elemento de entrada Junta de Comercio de Bayona
9 (RLIN) 152785
245 10 - MENCIÓN DEL TÍTULO
Título Observaciones de la Junta de Comercio de Bayona a la Comisión de Comercio y de las Colonias sobre las causas de la decadencia y ruina de su comercio, industria y navegación :
Resto del título traducidas y comentadas.
260 ## - PUBLICACIÓN, DISTRIBUCIÓN, ETC.
Lugar de publicación, distribución, etc. Madrid :
Nombre del editor, distribuidor, etc. [s.n.],
Fecha de publicación, distribución, etc. 1831 (
Fabricante Miguel de Burgos, imp. de la Real Junta de Aranceles)
300 ## - DESCRIPCIÓN FÍSICA
Extensión XVI, 47 p. ;
Dimensiones 19 cm.
530 ## - NOTA DISPONIBLE DE FORMULARIO FÍSICO ADICIONAL
Nota de formato físico adicional disponible Disponible en formato digital.
651 #4 - PUNTO DE ACCESO ADICIONAL DE MATERIA--NOMBRE GEOGRÁFICO
Nombre geográfico España-
Subdivisión general Colonias-
Subdivisión cronológica S.XIX
9 (RLIN) 8176
852 4# - LOCALIZACIÓN
Ubicación ES-MaACL
Número de control de estantería T-11-F-12
856 4# - LOCALIZACIÓN Y ACCESO ELECTRÓNICOS
Identificador Uniforme de Recursos <a href="http://hdl.handle.net/10357/4316 ">http://hdl.handle.net/10357/4316 </a>
Nota pública Memoria Digital Vasca
856 4# - LOCALIZACIÓN Y ACCESO ELECTRÓNICOS
Identificador Uniforme de Recursos <a href="http://biblioteca.galiciana.gal/es/consulta/registro.do?id=4216 ">http://biblioteca.galiciana.gal/es/consulta/registro.do?id=4216 </a>
Nota pública Biblioteca Dixital de Galicia
Holdings
Estatus retirado Estado de pérdida Estado de daño No para préstamo Colección Biblioteca de origen Biblioteca actual Ubicación en estantería Fecha de adquisición Fuente de adquisición Total de préstamos Signatura topográfica completa Código de barras Visto por última vez Precio de reemplazo Tipo de ítem Koha
        Colección de folletos Biblioteca del Ateneo de Madrid Biblioteca del Ateneo de Madrid Depósito folletos 20/05/2013     T-11-F-12 1191238 23/02/2023 23/02/2023 Folleto